Vishav Dharam Sangreh (ਵਿਸ਼ਵ ਧਰਮ ਸੰਗ੍ਰਹਿ) (Record no. 10067)
[ view plain ]
| 000 -LEADER | |
|---|---|
| fixed length control field | 00511nam a22001697a 4500 |
| 003 - CONTROL NUMBER IDENTIFIER | |
| control field | OSt |
| 005 - DATE AND TIME OF LATEST TRANSACTION | |
| control field | 20240416160836.0 |
| 008 - FIXED-LENGTH DATA ELEMENTS--GENERAL INFORMATION | |
| fixed length control field | 240416b |||||||| |||| 00| 0 eng d |
| 040 ## - CATALOGING SOURCE | |
| Transcribing agency | MRSPTU |
| 100 ## - MAIN ENTRY--PERSONAL NAME | |
| Personal name | Joshi, M.L (ਜੋਸ਼ੀ, ਐਲ. ਐਸ |
| 110 ## - MAIN ENTRY--CORPORATE NAME | |
| Corporate name or jurisdiction name as entry element | Jodh Singh (ਜੋਧ ਸਿੰਘ) |
| 245 ## - TITLE STATEMENT | |
| Title | Vishav Dharam Sangreh (ਵਿਸ਼ਵ ਧਰਮ ਸੰਗ੍ਰਹਿ) |
| 250 ## - EDITION STATEMENT | |
| Edition statement | 3rd |
| 260 ## - PUBLICATION, DISTRIBUTION, ETC. | |
| Place of publication, distribution, etc. | Punjab |
| Name of publisher, distributor, etc. | Publication Bureau Punjabi University |
| Date of publication, distribution, etc. | 1990 |
| 300 ## - PHYSICAL DESCRIPTION | |
| Extent | 114 |
| 942 ## - ADDED ENTRY ELEMENTS (KOHA) | |
| Source of classification or shelving scheme | Dewey Decimal Classification |
| Koha item type | Book |
| Suppress in OPAC | No |
| Withdrawn status | Lost status | Source of classification or shelving scheme | Damaged status | Not for loan | Collection | Home library | Current library | Date acquired | Total checkouts | Barcode | Date last seen | Price effective from | Koha item type |
|---|---|---|---|---|---|---|---|---|---|---|---|---|---|
| Dewey Decimal Classification | BK | MRSPTU Central Library | MRSPTU Central Library | 04/16/2024 | G-234 | 04/16/2024 | 04/16/2024 | Book |
